00380nam a2200157Ia 4500008004100000020001500041041001200056082001600068100001900084245005300103250000900156260002100165300000800186650001500194700001300209221030s9999 xx 000 0 und d a0070472645 aEnglish a105.23bNew aJ. W. Newstrom 0aOrganizational Behavior - Human Behavior at Work a11th bTMHaDelhic2005 a534 aManagement aK. Davis